=LDR 00000nam 2200000 4500 =001 000606 =005 20250711105000 =035 ##$$a 0010-0725000474 =007 ta =008 250711###########################0#ind## =020 ##$$a 978-623-472-407-3 =082 ##$$a 398.209 598 =084 ##$$a 398.209 598 KAS b =100 #$$a Kasturia Kiran =245 1#$$a Bheema Si Penidur /$c Kiran Kasturia =250 ##$$a Cetakan Pertama 2024 =260 ##$$a Jakarta :$b Badan Pengembangan dan Pembinaan Bahasa,$c 2022 =300 ##$$a 16 hlm : $b Ilus. ; $c 22,9 cm =650 #4$$a Cerita Anak Indonesia - Terjemahan =650 #4$$a Literasi- Bahan Bacaan =990 ##$$a TBM03690369 =990 ##$$a TBM03700370